|
|
|
|
| LEADER |
00000nam0a2200000 4500 |
| 001 |
376146 |
| 005 |
20231102012809.0 |
| 035 |
|
|
|a (RuTPU)RU\TPU\retro\33586
|
| 035 |
|
|
|a RU\TPU\book\251736
|
| 090 |
|
|
|a 376146
|
| 100 |
|
|
|a 20221221d1955 k y0rusy50 ca
|
| 101 |
0 |
|
|a rus
|
| 102 |
|
|
|a RU
|
| 105 |
|
|
|a a z 001zy
|
| 200 |
1 |
|
|a Способы улучшения инженерно-геологических условий строительства
|e на примере городского строительства в Москве
|f Ф. В. Котлов
|
| 210 |
|
|
|a Москва
|c Изд-во АН СССР
|d 1955
|
| 215 |
|
|
|a 195 с.
|c ил.
|
| 320 |
|
|
|a Библиогр.: с. 189-193.
|
| 606 |
1 |
|
|a Инженерно-геологические изыскания
|2 stltpush
|3 (RuTPU)RU\TPU\subj\12581
|9 39344
|
| 610 |
1 |
|
|a строительство
|
| 610 |
1 |
|
|a горные породы
|
| 610 |
1 |
|
|a замораживание
|
| 610 |
1 |
|
|a силикатизация
|
| 610 |
1 |
|
|a битумизация
|
| 610 |
1 |
|
|a обжиг
|
| 610 |
1 |
|
|a инженерные сооружения
|
| 610 |
1 |
|
|a закрепление
|
| 675 |
|
|
|a 624.131.1
|v 3
|
| 700 |
|
1 |
|a Котлов
|b Ф. В.
|
| 801 |
|
1 |
|a RU
|b 63413507
|c 20130124
|
| 801 |
|
2 |
|a RU
|b 63413507
|c 20221221
|g RCR
|
| 942 |
|
|
|c BK
|